00994nam a2200277 a 450000100060000000300080000600500170001400800410003103500190007204000370009104100080012808200220013610000550015824500970021325000130031026000330032330000250035650400310038150500200041265000210043270000700045370000270052394200120055099900170056295201370057952529BD-RjUL20211209075825.0160921s1949 enka b 000 0 eng  a(BD-RjUL)52649 aOUcOUdOCoLCdDLCdBD-RjULbeng aeng 223a530bPOU 19491 aPoynting, J. H.q(John Henry),d1852-1914.915695512aA university text-book of physics /cJ. H. Poynting, Sir J. J. Thomson, rev. by W. S. Tucker a10th ed. aLondon :bC. Griffin,c1949. aV. :bill. ;c24 cm. aBibliographical footnotes.0 aVol. 2 Sound -- aPhysics.91570791 aThomson, J. J.q(Joseph John),d1856-1940,ejoint author.91569561 aTucker, W. S. 9157080 2ddccBK c52529d52529 00102ddc40708NFICaRUCLbRUCLcStackd1959-04-23eBritish Councill0o530 POU V-2 1949r2016-09-21 00:00:00tC-2w2021-12-09yBK